| 000 | 00756nam a22002417a 4500 | ||
|---|---|---|---|
| 005 | 20250804143659.0 | ||
| 008 | 250804b |||||||| |||| 00| 0 eng d | ||
| 020 | _a978-0-670-09232-1 (hbk) | ||
| 037 | _cTB | ||
| 040 |
_aCRL _cCRL |
||
| 041 |
_2eng _aeng |
||
| 084 |
_aV2:51xM96 Q4 _qCRL |
||
| 100 | _aRamesh, Jairam | ||
| 245 |
_aChequered brilliance: _bThe many lives of V. K. Krishna Menon |
||
| 260 |
_aGuugaon, India: _bPenguin Vieing, _c2019. |
||
| 300 | _axvi, 725p. | ||
| 365 |
_b999.00 _cINR |
||
| 650 | _aHistory | ||
| 650 | _aIndia History | ||
| 650 |
_aFreedom Fighter _9608652 |
||
| 942 |
_2CC _cTB _hV2:51xM96 Q4 _n0 |
||
| 999 |
_c1434507 _d1434507 |
||